| 000 | 00779nam a2200253 a 4500 | ||
|---|---|---|---|
| 001 | 000025868 | ||
| 005 | 20200930024119.0 | ||
| 008 | 110223s2000 sp r 000 f spa d | ||
| 020 | _a847844324X | ||
| 040 |
_aDO-SdBNP _bspa _cBNPHU |
||
| 041 | 1 | 7 |
_aspa _heng _2Código de idioma MARC |
| 082 |
_aNNN _bW222p, 2000 |
||
| 100 | 1 |
_aWalset, Robert _d1878-1956. _952712 |
|
| 240 | 1 | 0 |
_aDer spaziergang. _lEspañol. |
| 245 | 1 | 0 |
_aEl paseo / _cRobert Walser ; traducción Carlos Fortea. |
| 250 | _a3a ed. | ||
| 260 |
_aMadrid : _bEdiciones Siruela, _c2000. |
||
| 300 |
_a79 p. ; _c21 cm. |
||
| 490 | 1 |
_aLibros del tiempo _v86 |
|
| 534 |
_aTítulo original: _tDer spaziergang. |
||
| 700 | 1 |
_aFortea, Carlos, _etr. _952713 |
|
| 830 | 0 |
_aLibros del tiempo ; _v86 _952714 |
|
| 049 | _aBNGR | ||
| 999 |
_c25360 _d25360 |
||